Khảo sát và phân tích nhận thức và hành vi người ăn chay về an toàn thực phẩm đối với sản phẩm đậu phụ trên địa bàn trên địa bàn Tp.HCM : Luận văn thạc sĩ :Chuyên ngành: Công nghệ thực phẩm
Αποθηκεύτηκε σε:
| Κύριος συγγραφέας: | |
|---|---|
| Μορφή: | Luận văn |
| Γλώσσα: | Undetermined |
| Έκδοση: |
Trường Đại học Công nghiệp Tp. Hồ Chí Minh
2019
|
| Θέματα: | |
| Ετικέτες: |
Προσθήκη ετικέτας
Δεν υπάρχουν, Καταχωρήστε ετικέτα πρώτοι!
|
| Thư viện lưu trữ: | Trung tâm Thư viện - Trường Đại học Công nghiệp TP. Hồ Chí Minh |
|---|
| LEADER | 00818nam a2200157Ia 4500 | ||
|---|---|---|---|
| 001 | UIH_01432 | ||
| 008 | 230809s9999 xx 000 0 und d | ||
| 082 | |a 664 | ||
| 100 | |a Võ, Thị Tuyên | ||
| 245 | 0 | |a Khảo sát và phân tích nhận thức và hành vi người ăn chay về an toàn thực phẩm đối với sản phẩm đậu phụ trên địa bàn trên địa bàn Tp.HCM : Luận văn thạc sĩ :Chuyên ngành: Công nghệ thực phẩm | |
| 245 | 0 | |c Võ, Thị Tuyên | |
| 260 | |b Trường Đại học Công nghiệp Tp. Hồ Chí Minh | ||
| 260 | |c 2019 | ||
| 650 | |a Công nghệ thực phẩm;Đậu phụ; | ||
| 927 | |a Luận văn | ||
| 980 | |a Trung tâm Thư viện - Trường Đại học Công nghiệp TP. Hồ Chí Minh | ||